000 00401 a2200145 4500
005 20250506115336.0
020 _a978-0-07-070079-6
082 _a658.15 CHA
100 _aCHANDRA, P.
245 _aFundamentals of Financial Management.
250 _a5th Ed.
260 _aNew Delhi,
_bTata McGraw Hill Education,
_c2012.
300 _axvi, 538p.: ill.; table
_bGlossary & Index
_c24cm
942 _2ddc
_cBKS
999 _c2015
_d2015